000 00311nam a2200121Ia 4500
008 240624s9999 xx 000 0 und d
041 _aeng
082 _a658.1511 NOR
100 _aNOREEN ERIC W
245 _aMANAGERIAL ACCOUNTING FOR MANAGERS
260 _c2011
_aNew Delhi
_bTata McGraw-Hill
365 _cRS
_b33
999 _c26016
_d26016